Music Quiz

Random Music or Rock Quiz
Score 0/20 Timer 10:00
0 Plays Today
Name of The Song Band % Correct
Pelados Em SantosMamonas Assassinas
89.7%
Mulher de FasesRaimundos
82.8%
Faroeste CabocloLegião Urbana
82.8%
Vou DeixarSkank
79.3%
O Tempo Não ParaCazuza
75.9%
Sociedade AlternativaRaul Seixas
72.4%
InútilUltraje A Rigor
65.5%
Ela Vai VoltarCharlie Brown Jr
65.5%
Regina, Let's Go!CPM 22
62.1%
Diz Pra MimMalta
44.8%
Name of The Song Band % Correct
Clube Dos CanalhasMatanza
41.4%
O Dia Que Não TerminouDetonautas
34.5%
Melhor do que OntemCapital Inicial
34.5%
La PlataJota Quest
34.5%
A Culpa É de Quem?Planet Hemp
31%
Meus Bons AmigosBarão Vermelho
27.6%
SurrealScalene
24.1%
Pelo AvessoTitãs
20.7%
Ao Mestre, Com CarinhoOs Seminovos
17.2%
Saco CheioSupercombo
13.8%
Remove Ads.
Support Sporcle.
Get the best of Sporcle when you Go Orange. This ad-free experience offers more features, more stats, and more fun while also helping to support Sporcle. Thank you for becoming a member.

You're not logged in!

Compare scores with friends on all Sporcle quizzes.
OR
Log In

Sporcle TV

Today on Sporcle TV


Watch our educational content, quiz creation guides, and fun videos on Sporcle TV.

Show Comments

Extras

Created Feb 10, 2016ReportNominate
Tags:Rock Quiz, Song Quiz, Brazil

Top Quizzes Today


Score Distribution

Paid Content

Your Account Isn't Verified!

In order to create a playlist on Sporcle, you need to verify the email address you used during registration. Go to your Sporcle Settings to finish the process.

Report this User

Report this user for behavior that violates our Community Guidelines.

Details: